[Event "Titled Tuesday intern op 26th Sep Early"]
[Site "Chess.com INT"]
[Date "2023.09.26"]
[Round "7"]
[White "Kochiev, Ivan"]
[Black "Subervi Nunez, Jonathan Sigfredo"]
[Result "0-1"]
[WhiteElo "2053"]
[BlackElo "2047"]
[PlyCount "74"]
[EventDate "2023.09.26"]
[EventType "swiss (blitz)"]
[EventRounds "11"]
[EventCountry "USA"]
[SourceTitle "EXT 2024"]
[Source "ChessBase"]
[SourceDate "2023.10.10"]
[SourceVersion "1"]
[SourceVersionDate "2023.10.10"]
[SourceQuality "1"]

1. e4 c5 2. Nf3 d6 3. d4 cxd4 4. Nxd4 Nf6 5. f3 e6 6. c4 a6 7. Nc3 Be7 8. Be3 0-0 9. Nc2 Qc7 10. Be2 b6 11. 0-0 Nbd7 12. Qd2 Bb7 13. Rac1 Rac8 14. Rfd1 Rfd8 15. b4 Ne5 16. Na4 Ned7 17. Bf1 d5 18. exd5 exd5 19. Na3 d4 20. Bxd4 Ne5 21. Bxb6 Rxd2 22. Bxc7 Rxd1 23. Rxd1 Rxc7 24. c5 Rd7 25. Re1 Ng6 26. Nb6 Rd8 27. Nac4 h5 28. Na5 Bd5 29. Bxa6 Bxa2 30. c6 Bxb4 31. c7 Rf8 32. Ra1 Be6 33. Nc6 Bc5+ 34. Kf1 Bxb6 35. c8Q Bxc8 36. Bxc8 Rxc8 37. Ne7+ Nxe7 0-1

[Event "Titled Tuesday intern op 26th Sep Early"]
[Site "Chess.com INT"]
[Date "2023.09.26"]
[Round "2"]
[White "Kononenko, Dmitry1111"]
[Black "Subervi Nunez, Jonathan Sigfredo"]
[Result "1-0"]
[WhiteElo "2251"]
[BlackElo "2047"]
[PlyCount "59"]
[EventDate "2023.09.26"]
[EventType "swiss (blitz)"]
[EventRounds "11"]
[EventCountry "USA"]
[SourceTitle "EXT 2024"]
[Source "ChessBase"]
[SourceDate "2023.10.10"]
[SourceVersion "1"]
[SourceVersionDate "2023.10.10"]
[SourceQuality "1"]

1. e4 e5 2. Nf3 Nc6 3. d4 exd4 4. Nxd4 Nf6 5. Nc3 Bb4 6. Nxc6 bxc6 7. Bd3 d5 8. 0-0 0-0 9. Bd2 Rb8 10. e5 Nd7 11. f4 f6 12. e6 Nc5 13. f5 Nxd3 14. cxd3 Bd6 15. Rb1 Ba6 16. Rf3 Be5 17. Rh3 Qe8 18. Qg4 g5 19. d4 Bd6 20. b3 Kh8 21. Re1 Qe7 22. Rh6 Rg8 23. Re3 Rg7 24. Reh3 Rf8 25. Qh5 Bb7 26. Na4 c5 27. Nxc5 Bxc5 28. dxc5 d4 29. b4 Qd8 30. Rxh7+ 1-0

[Event "Titled Tuesday intern op 26th Sep Late"]
[Site "Chess.com INT"]
[Date "2023.09.26"]
[Round "7"]
[White "Yushko, Olga"]
[Black "Subervi Nunez, Jonathan Sigfredo"]
[Result "1-0"]
[WhiteElo "2064"]
[BlackElo "2047"]
[PlyCount "117"]
[EventDate "2023.09.26"]
[EventType "swiss (blitz)"]
[EventRounds "11"]
[EventCountry "USA"]
[SourceTitle "EXT 2024"]
[Source "ChessBase"]
[SourceDate "2023.10.10"]
[SourceVersion "1"]
[SourceVersionDate "2023.10.10"]
[SourceQuality "1"]

1. d4 Nf6 2. c4 g6 3. Nc3 Bg7 4. Nf3 d6 5. Bg5 0-0 6. e3 c5 7. Be2 cxd4 8. exd4 d5 9. 0-0 dxc4 10. Bxc4 Nc6 11. Re1 Na5 12. Bf1 Be6 13. Qa4 Rc8 14. Rad1 Bc4 15. Bxc4 Rxc4 16. Qc2 h6 17. Bh4 g5 18. Bg3 e6 19. h3 Nd5 20. Qd3 Rc8 21. Ne5 Nxc3 22. bxc3 Nc6 23. Nxc6 Rxc6 24. c4 Qc8 25. c5 Rd8 26. Qe4 Rd5 27. Bd6 b6 28. h4 bxc5 29. dxc5 Rxd1 30. Rxd1 Ra6 31. hxg5 hxg5 32. Qg4 f6 33. Re1 Kf7 34. Qh5+ Kg8 35. Qg4 Kf7 36. a4 Qd7 37. Qh5+ Kg8 38. Rb1 Rxd6 39. cxd6 Qxd6 40. Qe8+ Kh7 41. a5 f5 42. Qh5+ Kg8 43. Qxg5 a6 44. Rc1 Qd7 45. Qg6 Kf8 46. Re1 e5 47. Rb1 Qc8 48. Qb6 e4 49. Qd6+ Kg8 50. Rb8 Qxb8 51. Qxb8+ Kh7 52. Qf4 Kg6 53. Qd6+ Bf6 54. Qxa6 Kg5 55. Qe2 f4 56. Qxe4 Kg4 57. f3+ Kg3 58. Qg6+ Kh4 59. Qg4# 1-0

[Event "Titled Tuesday intern op 19th Sep Early"]
[Site "Chess.com INT"]
[Date "2023.09.19"]
[Round "10"]
[White "Carrasco Miranda, Andres"]
[Black "Subervi Nunez, Jonathan Sigfredo"]
[Result "0-1"]
[WhiteElo "2241"]
[BlackElo "2047"]
[PlyCount "54"]
[EventDate "2023.09.19"]
[EventType "swiss (blitz)"]
[EventRounds "11"]
[EventCountry "USA"]
[SourceTitle "EXT 2024"]
[Source "ChessBase"]
[SourceDate "2023.10.10"]
[SourceVersion "1"]
[SourceVersionDate "2023.10.10"]
[SourceQuality "1"]

1. d4 f5 2. Nf3 Nf6 3. g3 g6 4. Bg2 Bg7 5. 0-0 0-0 6. b3 d6 7. Bb2 c6 8. Nbd2 Qc7 9. Re1 Ne4 10. Nxe4 fxe4 11. Ng5 d5 12. c4 h6 13. Nh3 g5 14. e3 Nd7 15. cxd5 cxd5 16. Rc1 Qd6 17. f3 exf3 18. Bxf3 Nf6 19. Nf2 Bf5 20. Ng4 Bxg4 21. Bxg4 Ne4 22. Rf1 Nxg3 23. hxg3 Qxg3+ 24. Kh1 Rxf1+ 25. Qxf1 Qxg4 26. Rc7 Rf8 27. Qg2 Qh4+ 0-1

[Event "Titled Tuesday intern op 12th Sep Early"]
[Site "Chess.com INT"]
[Date "2023.09.12"]
[Round "9"]
[White "Subervi Nunez, Jonathan Sigfredo"]
[Black "Harriott, Tyrell"]
[Result "1-0"]
[WhiteElo "2047"]
[BlackElo "1778"]
[PlyCount "147"]
[EventDate "2023.09.12"]
[EventType "swiss (blitz)"]
[EventRounds "11"]
[EventCountry "USA"]
[SourceTitle "EXT 2024"]
[Source "ChessBase"]
[SourceDate "2023.10.10"]
[SourceVersion "1"]
[SourceVersionDate "2023.10.10"]
[SourceQuality "1"]

1. e4 d5 2. exd5 Nf6 3. Nf3 Qxd5 4. Nc3 Qh5 5. Be2 Bg4 6. Nb5 Na6 7. a4 c6 8. Nc3 0-0-0 9. 0-0 e5 10. Nxe5 Bd6 11. Bxg4+ Nxg4 12. Qxg4+ Qxg4 13. Nxg4 Nb4 14. Ne3 g6 15. Na2 Na6 16. d3 f5 17. Bd2 Rhe8 18. Rfe1 Bc7 19. Nc4 Rf8 20. b4 Rde8 21. b5 Nc5 22. Bb4 b6 23. Bxc5 bxc5 24. bxc6 g5 25. Nc3 f4 26. Nb5 Rxe1+ 27. Rxe1 g4 28. Nxa7+ Kb8 29. Nb5 Kc8 30. a5 g3 31. hxg3 fxg3 32. fxg3 Bxg3 33. Rf1 Bh2+ 34. Kxh2 Rxf1 35. a6 Ra1 36. a7 Rxa7 37. Nxa7+ Kc7 38. Nb5+ Kxc6 39. Nc3 Kd7 40. Kg3 Ke6 41. Kf4 h6 42. Ne4 Kd5 43. g4 Kd4 44. Kf5 Kd5 45. c3 Kc6 46. Kg6 Kd5 47. Kxh6 Ke6 48. Kg5 Kf7 49. Kf5 Kg7 50. Ke5 Kf7 51. Kd5 Ke7 52. Kxc5 Kd7 53. Kd5 Ke7 54. Ne5 Kf8 55. c4 Ke7 56. c5 Ke8 57. c6 Ke7 58. d4 Ke8 59. Kc5 Kd8 60. d5 Ke7 61. g5 Ke8 62. g6 Kf8 63. c7 Ke7 64. Nc3 Kf6 65. Nc4 Kxg6 66. c8Q Kf6 67. Qe6+ Kg7 68. Qe2 Kf6 69. d6 Kf7 70. d7 Kf6 71. d8Q+ Kf7 72. Qd7+ Kf6 73. Qde6+ Kg5 74. Q2g4# 1-0

[Event "Titled Tuesday intern op 05th Sep Late"]
[Site "Chess.com INT"]
[Date "2023.09.05"]
[Round "9"]
[White "De Souza, Arthur Olintho"]
[Black "Subervi Nunez, Jonathan Sigfredo"]
[Result "1-0"]
[WhiteElo "2113"]
[BlackElo "2047"]
[PlyCount "95"]
[EventDate "2023.09.05"]
[EventType "swiss (blitz)"]
[EventRounds "11"]
[EventCountry "USA"]
[SourceTitle "EXT 2024"]
[Source "ChessBase"]
[SourceDate "2023.10.10"]
[SourceVersion "1"]
[SourceVersionDate "2023.10.10"]
[SourceQuality "1"]

1. e4 c5 2. Nc3 Nc6 3. Nge2 Nf6 4. d4 cxd4 5. Nxd4 d6 6. Nxc6 bxc6 7. Be3 e5 8. Be2 Be7 9. 0-0 0-0 10. h3 Be6 11. Qd2 a5 12. f4 exf4 13. Bxf4 Qb8 14. b3 Nd7 15. Rad1 Ne5 16. Na4 Qa7+ 17. Be3 Qb7 18. Nb6 Rab8 19. Na4 Qb4 20. Bd4 Qxd2 21. Rxd2 f5 22. exf5 Bxf5 23. Bc3 Bg5 24. Rxd6 Rbe8 25. g4 Be3+ 26. Kh2 Bxc2 27. Rxf8+ Kxf8 28. Kg3 Be4 29. Bxa5 Ng6 30. Rd7 Bd5 31. Bb4+ Kg8 32. Bc4 Bf4+ 33. Kf2 Bxc4 34. bxc4 Bg5 35. Bc3 Bh4+ 36. Kf3 Ne5+ 37. Bxe5 Rxe5 38. Nc3 h6 39. Ne4 Ra5 40. Rd6 Ra3+ 41. Kf4 Rxa2 42. Rxc6 Ra3 43. Rc8+ Kh7 44. c5 Rxh3 45. c6 Be7 46. c7 Rd3 47. Re8 Bb4 48. c8Q 1-0

[Event "Titled Tuesday intern op 05th Sep Late"]
[Site "Chess.com INT"]
[Date "2023.09.05"]
[Round "2"]
[White "Subervi Nunez, Jonathan Sigfredo"]
[Black "Ehlvest, Jaan"]
[Result "1/2-1/2"]
[WhiteElo "2047"]
[BlackElo "2530"]
[PlyCount "40"]
[EventDate "2023.09.05"]
[EventType "swiss (blitz)"]
[EventRounds "11"]
[EventCountry "USA"]
[SourceTitle "EXT 2024"]
[Source "ChessBase"]
[SourceDate "2023.10.10"]
[SourceVersion "1"]
[SourceVersionDate "2023.10.10"]
[SourceQuality "1"]

1. e4 c6 2. d4 d5 3. exd5 cxd5 4. Bd3 Nc6 5. c3 Qc7 6. h3 e6 7. Nf3 Bd6 8. 0-0 Nge7 9. Na3 Bxa3 10. bxa3 0-0 11. Bxh7+ Kxh7 12. Ng5+ Kg6 13. Qg4 f5 14. Qh4 Bd7 15. Qh7+ Kf6 16. Qh5 Ng6 17. Nh7+ Kf7 18. Ng5+ Kf6 19. Nh7+ Kf7 20. Ng5+ Kf6 1/2-1/2

[Event "Titled Tuesday intern op 05th Sep Late"]
[Site "Chess.com INT"]
[Date "2023.09.05"]
[Round "5"]
[White "Veiga, Jose Francisco RP"]
[Black "Subervi Nunez, Jonathan Sigfredo"]
[Result "0-1"]
[WhiteElo "2354"]
[BlackElo "2047"]
[PlyCount "66"]
[EventDate "2023.09.05"]
[EventType "swiss (blitz)"]
[EventRounds "11"]
[EventCountry "USA"]
[SourceTitle "EXT 2024"]
[Source "ChessBase"]
[SourceDate "2023.10.10"]
[SourceVersion "1"]
[SourceVersionDate "2023.10.10"]
[SourceQuality "1"]

1. c4 e6 2. Nf3 d5 3. g3 Nf6 4. Bg2 h6 5. 0-0 Bd6 6. b3 0-0 7. Bb2 a5 8. d3 b6 9. Nbd2 Bb7 10. Qc2 Nbd7 11. e4 dxe4 12. dxe4 e5 13. Rad1 Qe7 14. Rfe1 Rfe8 15. Nb1 Bb4 16. Nc3 a4 17. Re2 axb3 18. axb3 c6 19. Na4 b5 20. cxb5 cxb5 21. Nc3 Rac8 22. Qd3 Nc5 23. Qb1 Bxc3 24. Bxc3 Ncxe4 25. Bxe5 Nc3 26. Bxc3 Qxe2 27. Bxf6 Bxf3 28. Bxf3 Qxf3 29. Bd4 Rcd8 30. Rd2 Re2 31. Qd1 Rde8 32. Be3 R8xe3 33. fxe3 Qg2# 0-1

[Event "Titled Tuesday intern op 22nd Aug Late"]
[Site "Chess.com INT"]
[Date "2023.08.22"]
[Round "3"]
[White "Subervi Nunez, Jonathan Sigfredo"]
[Black "Ronka, Erik"]
[Result "0-1"]
[WhiteElo "2047"]
[BlackElo "2273"]
[PlyCount "36"]
[EventDate "2023.08.22"]
[EventType "swiss (blitz)"]
[EventRounds "11"]
[EventCountry "USA"]
[SourceTitle "EXT 2024"]
[Source "ChessBase"]
[SourceDate "2023.10.10"]
[SourceVersion "1"]
[SourceVersionDate "2023.10.10"]
[SourceQuality "1"]

1. e4 e5 2. Nf3 Nc6 3. Bb5 a6 4. Ba4 Nf6 5. 0-0 Be7 6. Qe2 b5 7. Bb3 0-0 8. c3 d5 9. exd5 Nxd5 10. Nxe5 Nxe5 11. Qxe5 Bb7 12. d4 Re8 13. Re1 Qd7 14. Be3 Bd6 15. Qh5 Nf4 16. Qd1 Nxg2 17. Nd2 Qh3 18. Nf1 Nh4 0-1

[Event "Titled Tuesday intern op 15th Aug Early"]
[Site "Chess.com INT"]
[Date "2023.08.15"]
[Round "7"]
[White "Subervi Nunez, Jonathan Sigfredo"]
[Black "Seletsky, Grigory"]
[Result "0-1"]
[WhiteElo "2047"]
[BlackElo "2220"]
[PlyCount "58"]
[EventDate "2023.08.15"]
[EventType "swiss (blitz)"]
[EventRounds "11"]
[EventCountry "USA"]
[SourceTitle "EXT 2024"]
[Source "ChessBase"]
[SourceDate "2023.10.10"]
[SourceVersion "1"]
[SourceVersionDate "2023.10.10"]
[SourceQuality "1"]

1. e4 c5 2. Nf3 d6 3. d4 cxd4 4. Nxd4 Nf6 5. Nc3 a6 6. Bg5 e5 7. Nde2 Be7 8. Bxf6 Bxf6 9. Ng3 0-0 10. Bc4 Be6 11. Nd5 Bg5 12. h4 Bh6 13. Nf5 Bxf5 14. exf5 Nd7 15. g4 Bf4 16. g5 Rc8 17. Bb3 Kh8 18. f6 gxf6 19. Qg4 Rg8 20. Qf5 Rg6 21. c3 Rc5 22. Rd1 fxg5 23. hxg5 Bxg5 24. Rxh7+ Kxh7 25. Qxf7+ Kh6 26. Ke2 Rxd5 27. Rh1+ Bh4 28. Bxd5 Nc5 29. b4 Qf6 0-1

[Event "Titled Tuesday intern op 01st Aug Early"]
[Site "Chess.com INT"]
[Date "2023.08.01"]
[Round "10"]
[White "Subervi Nunez, Jonathan Sigfredo"]
[Black "Lopez Gracia, Fernando"]
[Result "1-0"]
[WhiteElo "2047"]
[BlackElo "2252"]
[PlyCount "99"]
[EventDate "2023.08.01"]
[EventType "swiss (blitz)"]
[EventRounds "11"]
[EventCountry "USA"]
[SourceTitle "EXT 2024"]
[Source "ChessBase"]
[SourceDate "2023.10.10"]
[SourceVersion "1"]
[SourceVersionDate "2023.10.10"]
[SourceQuality "1"]

1. d4 Nf6 2. c4 e6 3. Nc3 Bb4 4. Qc2 c5 5. Nf3 Nc6 6. e3 d5 7. Bd2 cxd4 8. Nxd4 0-0 9. a3 Bd6 10. cxd5 exd5 11. Be2 Nxd4 12. exd4 Re8 13. 0-0 a6 14. Bg5 h6 15. Bxf6 Qxf6 16. Nxd5 Qh4 17. f4 Be6 18. Bf3 Bxd5 19. Bxd5 Bxf4 20. g3 Be3+ 21. Kh1 Qxd4 22. Bxf7+ Kh8 23. Bxe8 Rxe8 24. Rad1 Qg4 25. Qg2 Bc5 26. Rde1 Rd8 27. Qf3 Qg6 28. b4 Bb6 29. Qe4 Qd6 30. Rd1 Qxd1 31. Rxd1 Rxd1+ 32. Kg2 Rd2+ 33. Kh3 Rd8 34. Qxb7 Bg1 35. Qg2 Be3 36. Qe2 Bc1 37. a4 Ba3 38. b5 axb5 39. axb5 Bc5 40. Qc4 Bg1 41. Qf4 Re8 42. Qf1 Bb6 43. Qf7 Rd8 44. Qb7 Bg1 45. Qc7 Rd2 46. b6 Rxh2+ 47. Kg4 h5+ 48. Kg5 Be3+ 49. Kg6 Rf2 50. Qxg7# 1-0

[Event "Titled Tuesday intern op 01st Aug Early"]
[Site "Chess.com INT"]
[Date "2023.08.01"]
[Round "7"]
[White "Subervi Nunez, Jonathan Sigfredo"]
[Black "Zaksaite, Salomeja"]
[Result "0-1"]
[WhiteElo "2047"]
[BlackElo "2217"]
[PlyCount "66"]
[EventDate "2023.08.01"]
[EventType "swiss (blitz)"]
[EventRounds "11"]
[EventCountry "USA"]
[SourceTitle "EXT 2024"]
[Source "ChessBase"]
[SourceDate "2023.10.10"]
[SourceVersion "1"]
[SourceVersionDate "2023.10.10"]
[SourceQuality "1"]

1. e4 c5 2. c3 Nf6 3. e5 Nd5 4. d4 cxd4 5. Nf3 e6 6. cxd4 d6 7. exd6 Bxd6 8. Nc3 Nxc3 9. bxc3 Qc7 10. Bb2 0-0 11. Bd3 Nd7 12. 0-0 Nf6 13. c4 b6 14. d5 e5 15. Re1 Re8 16. Qc2 Bg4 17. Ng5 h6 18. Ne4 Nxe4 19. Bxe4 Rac8 20. Rac1 g6 21. Bxg6 fxg6 22. Qxg6+ Qg7 23. Qxd6 Bf3 24. g3 Rcd8 25. Qa3 Rf8 26. Rxe5 Qg4 27. Re7 Rf7 28. Rxf7 Kxf7 29. Re1 Rd7 30. Qe3 Kg6 31. Qe8+ Kh7 32. Qh8+ Kg6 33. Re6+ Qxe6 0-1